000 00314nam a22000977a 4500
008 150728b xxu||||| |||| 00| 0 eng d
010 _8HCCRSARF:038
245 _aHIGH COURT CRIMINAL SESSION NO.51 OF 1978 Uganda Vs George William Kiggundu
260 _aHigh Court Kampala
500 _3 BEFORE: Hon. Mr. Justice G. Engwau
999 _c8288
_d8288